[Event "Santo Domingo Independencia op"]
[Site "Santo Domingo"]
[Date "2018.02.24"]
[Round "6"]
[White "Javier Florencio, Rafael Apolina"]
[Black "Martinez, Bienvenido"]
[Result "0-1"]
[WhiteElo "1820"]
[BlackElo "1920"]
[PlyCount "69"]
[EventDate "2018.02.16"]
[EventType "swiss"]
[EventRounds "8"]
[EventCountry "DOM"]
[SourceTitle "CBM 187 Extra"]
[Source "ChessBase"]
[SourceDate "2018.11.04"]
[SourceVersion "1"]
[SourceVersionDate "2018.11.04"]
[SourceQuality "1"]

1. e4 c5 2. f4 Nc6 3. Nf3 e6 4. d4 cxd4 5. Bd3 d6 6. 0-0 Nf6 7. Nbd2 Qc7 8. Kh1 Be7 9. e5 Nd5 10. Nc4 Bd7 11. Ng5 g6 12. exd6 Bxd6 13. Nxd6+ Qxd6 14. a3 h6 15. Ne4 Qe7 16. c4 dxc3 17. Nxc3 Nxc3 18. bxc3 0-0-0 19. Be3 e5 20. Qa4 exf4 21. Bxf4 g5 22. Rfe1 Qc5 23. Be3 Qd6 24. Be4 Rhe8 25. Rab1 f5 26. Qb5 Qc7 27. Bxf5 Bxf5 28. Qxf5+ Kb8 29. Qg6 Rh8 30. a4 Rdg8 31. Qe6 Re8 32. Qc4 g4 33. a5 Qxa5 34. Qb3 Qa6 35. Re2 0-1

[Event "Santo Domingo Independencia op"]
[Site "Santo Domingo"]
[Date "2018.02.23"]
[Round "5"]
[White "Lorenzo De Los Santos, Luis L"]
[Black "Javier Florencio, Rafael Apolina"]
[Result "1-0"]
[WhiteElo "2112"]
[BlackElo "1820"]
[PlyCount "65"]
[EventDate "2018.02.16"]
[EventType "swiss"]
[EventRounds "8"]
[EventCountry "DOM"]
[SourceTitle "CBM 187 Extra"]
[Source "ChessBase"]
[SourceDate "2018.11.04"]
[SourceVersion "1"]
[SourceVersionDate "2018.11.04"]
[SourceQuality "1"]

1. d4 c6 2. c4 d5 3. cxd5 cxd5 4. Nc3 Nf6 5. Bf4 e6 6. e3 Bd6 7. Bxd6 Qxd6 8. Bd3 Nc6 9. f4 Nb4 10. Bb1 b6 11. a3 Nc6 12. Nf3 Ng4 13. Qe2 a5 14. Bd3 f5 15. Rc1 0-0 16. 0-0 a4 17. Bb5 Na5 18. Nxa4 Nc4 19. Rc3 Ba6 20. Bxa6 Rxa6 21. b3 Qxa3 22. bxc4 Qxa4 23. cxd5 exd5 24. h3 Nf6 25. Rc7 Ne4 26. Rfc1 b5 27. Rd7 b4 28. Rcc7 Rg6 29. g4 fxg4 30. Ne5 Qa1+ 31. Qf1 Ra8 32. Rd8+ Rxd8 33. Qxa1 1-0

[Event "Santo Domingo La Raza op"]
[Site "Santo Domingo"]
[Date "2015.10.21"]
[Round "8"]
[White "Javier Florencio, Rafael Apolina"]
[Black "Delmonte Arias, Nelson"]
[Result "0-1"]
[WhiteElo "1981"]
[BlackElo "1933"]
[PlyCount "92"]
[EventDate "2015.10.12"]
[EventType "swiss"]
[EventRounds "8"]
[EventCountry "DOM"]
[SourceTitle "CBM 169 Extra"]
[Source "ChessBase"]
[SourceDate "2015.12.18"]
[SourceVersion "1"]
[SourceVersionDate "2015.12.18"]
[SourceQuality "1"]

1. e4 c5 2. f4 Nf6 3. Nc3 d6 4. Bb5+ Bd7 5. a4 e6 6. Nf3 Be7 7. d3 0-0 8. 0-0 a6 9. Bxd7 Nbxd7 10. e5 dxe5 11. fxe5 Ng4 12. Bf4 f6 13. Qe2 Ngxe5 14. Nxe5 Nxe5 15. Bxe5 fxe5 16. Rxf8+ Bxf8 17. Rf1 Qd4+ 18. Kh1 Be7 19. Qe4 Qxe4 20. Nxe4 b5 21. Ra1 b4 22. Kg1 Rf8 23. Nd2 Bf6 24. Nc4 e4 25. Re1 Bd4+ 26. Kh1 e3 27. h3 Rf2 28. c3 e2 29. Nd2 bxc3 30. bxc3 Bxc3 31. Kg1 Bd4 32. Kh2 Bc3 33. Kg3 Bxd2 34. Kxf2 Bxe1+ 35. Kxe1 Kf7 36. Kxe2 Kf6 37. a5 Ke5 38. Ke3 g5 39. g3 h5 40. Kf3 Kd4 41. g4 h4 42. Ke2 Kc3 43. Ke3 Kb4 44. Kd2 Kxa5 45. Kc3 Kb5 46. Kb3 a5 0-1

[Event "Santo Domingo La Raza op"]
[Site "Santo Domingo"]
[Date "2015.10.13"]
[Round "2"]
[White "Rojas Gomez, Ramon Andres"]
[Black "Javier Florencio, Rafael Apolina"]
[Result "0-1"]
[WhiteElo "1816"]
[BlackElo "1981"]
[PlyCount "60"]
[EventDate "2015.10.12"]
[EventType "swiss"]
[EventRounds "8"]
[EventCountry "DOM"]
[SourceTitle "CBM 169 Extra"]
[Source "ChessBase"]
[SourceDate "2015.12.18"]
[SourceVersion "1"]
[SourceVersionDate "2015.12.18"]
[SourceQuality "1"]

1. c4 c6 2. Nc3 d5 3. cxd5 cxd5 4. d4 Nf6 5. Bf4 a6 6. e3 e6 7. Bd3 Be7 8. g4 Qa5 9. g5 Nfd7 10. Qh5 Nf8 11. Rc1 Bd7 12. Nf3 g6 13. Qh4 Nc6 14. a3 b5 15. Qg3 b4 16. Bc7 bxc3 17. Bxa5 cxb2 18. Rxc6 Bxc6 19. Bb4 Bb5 20. Ke2 Nd7 21. Bxe7 Kxe7 22. Ne5 Rac8 23. Rb1 Nxe5 24. Qxe5 Rc2+ 25. Kd1 Bxd3 26. Qf6+ Kd6 27. Qxf7 Bf5 28. Qxf5 Rc1+ 29. Kd2 exf5 30. Rxb2 Ra1 0-1